Food and Culture: (Record no. 52384)

MARC details
000 -LEADER
fixed length control field 00711nam a22002417a 4500
003 - CONTROL NUMBER IDENTIFIER
control field OSt
008 - FIXED-LENGTH DATA ELEMENTS--GENERAL INFORMATION
fixed length control field 260627b |||||||| |||| 00| 0 eng d
020 ## - INTERNATIONAL STANDARD BOOK NUMBER
International Standard Book Number 9781440879586
082 ## - DEWEY DECIMAL CLASSIFICATION NUMBER
Classification number 394.12
Item number W35F
100 ## - MAIN ENTRY--PERSONAL NAME
Personal name Watts, Linda S.
245 ## - TITLE STATEMENT
Title Food and Culture:
Remainder of title Issues, Impacts, and INgredients
Statement of responsibility, etc. Watts, Linda S.
260 ## - PUBLICATION, DISTRIBUTION, ETC. (IMPRINT)
Place of publication, distribution, etc California
Name of publisher, distributor, etc ABC-CLIO, LLC
Date of publication, distribution, etc 2022
300 ## - PHYSICAL DESCRIPTION
Extent xxxvii., 367 p.
365 ## - TRADE PRICE
Price note Set of 2 Volume- 21887.50, INR
500 ## - GENERAL NOTE
General note Volume 1 (A-N)
650 ## - SUBJECT ADDED ENTRY--TOPICAL TERM
Topical term or geographic name as entry element Food Social aspects.
650 ## - SUBJECT ADDED ENTRY--TOPICAL TERM
Topical term or geographic name as entry element Food habits.
650 ## - SUBJECT ADDED ENTRY--TOPICAL TERM
Topical term or geographic name as entry element Diet $x Social aspects.
650 ## - SUBJECT ADDED ENTRY--TOPICAL TERM
Topical term or geographic name as entry element Food $x Symbolic aspects.
650 ## - SUBJECT ADDED ENTRY--TOPICAL TERM
Topical term or geographic name as entry element Cookery $x Social aspects.
700 ## - ADDED ENTRY--PERSONAL NAME
Personal name Mahoney, Kelty Clark
942 ## - ADDED ENTRY ELEMENTS (KOHA)
Source of classification or shelving scheme
Koha item type Books
Holdings
Withdrawn status Lost status Source of classification or shelving scheme Damaged status Not for loan Home library Current library Shelving location Date acquired Source of acquisition Currency Total Checkouts Full call number Barcode Date last seen Bill Date Koha item type Public note Bill Number
          Dr. Rajendra Prasad Central Agricultural University Pusa, Dr. Rajendra Prasad Central Agricultural University Pusa, General Stacks 27/06/2026 TTPP, New Delhi INR   394.12 W35F 87650 27/06/2026 29/01/2026 Books Volume-1 (A-N) IN-00449
Hosted, Implemented, Customized & Maintained by: BestBookBuddies

Powered by Koha